000 00283 a2200121 4500
001 63639
082 _a629.8312 BRY
090 _c37637
_d37637
100 _aBryson A.E
245 _aApplied Optimal control
_hEnglish
260 _aNY
_bJohn Wiley & Sons
_c1975
300 _b481p
942 _aNUST-CAE
_k629.8312 BRY
999 _c298712
_d298712